Normal view
MARC view
Entry Topical Term
001 - CONTROL NUMBER
- control field: 249727
003 - CONTROL NUMBER IDENTIFIER
- control field: OSt
005 - DATE AND TIME OF LATEST TRANSACTION
- control field: 20251230091404.0
008 - FIXED-LENGTH DATA ELEMENTS
- fixed length control field: 251230|| aca||aabn | a|a d
040 ## - CATALOGING SOURCE
- Original cataloging agency: OSt
- Transcribing agency: OSt
150 ## - HEADING--TOPICAL TERM
- Topical term or geographic name entry element: Configuring JDBC and other data sources
670 ## - SOURCE DATA FOUND
- Source citation: Work cat.: (OSt)196709: Corti, Francesco. 249724, Pentaho 8 reporting for java developers:, 2017.